000 00620nam a2200229 i 4500
001 C2-0316389
003 PPAK
005 20180728112410.0
008 120725s2011 si a|||| ||||| | eng d
020 _a9789814286749
040 _aPPAK
_beng
_cPPAK
_erda
082 0 4 _a742
_223
090 0 0 _a742
_bHOW
_dR
245 0 0 _aHow to draw perspective step by step
264 1 _aSingapore :
_bPage One Publishing ,
_c2011
300 _a351 pages :
_billustrations ;
_c21 cm
336 _2rdacontent
_atext
337 _2rdamedia
_aunmediated
338 _2rdacarrier
_avolume
650 1 0 _aPerspective.
942 _ddc
_cB
999 _c117525
_d117525